| 000 | 00757cam a22002411 4500 | ||
|---|---|---|---|
| 001 | gs 15000836 | ||
| 003 | DLC | ||
| 005 | 20260227111318.0 | ||
| 008 | 790215s1915 xx 000 0 eng c | ||
| 010 | _ags 15000836 | ||
| 035 | _a(OCoLC)4659303 | ||
| 040 |
_aU.S. Geol. Survey. Libr. _cOCl _dOCoLC _dDLC |
||
| 042 | _apremarc | ||
| 050 | 0 | 0 |
_aTP755 _b.C3 |
| 110 | 1 |
_aCanada. _bMines Branch (1901-1936) |
|
| 245 | 1 | 0 |
_aProducts and by-products of coal, _cby Edgar Stansfield, and F. E. Carter. |
| 260 |
_aOttawa, _bGovernment printing bureau, _c1915. |
||
| 300 |
_avi p., 1 l., 51 p. _bfold. tab., diagr. _c25 cm. |
||
| 650 | 0 | _aCoal. | |
| 650 | 0 | _aCoal-tar products. | |
| 700 | 1 |
_aStansfield, Edgar, _d1878- |
|
| 700 | 1 |
_aCarter, Frederic Edward, _d1886- |
|
| 999 |
_c25594 _d25594 |
||